000 00714nam a2200289Ia 4500
005 20260324122204.0
008 008 260324s9999 xx 000 0 eng d
020 _a9780203818176
037 _aEBOOK
040 _aCRL
040 _beng
040 _cCRL
041 _2eng
041 _aeng
084 _qCRL
100 _aMagnus Dahlstedt; Andreas Fejes
_91165473
245 4 _aThe Confessing Society
245 0 _bFoucault, Confession and Practices of Lifelong Learning
260 _bTaylor and Francis
260 _c2013
365 _a
365 _b240
856 _uhttp://www.taylorfrancis.com/books/9780203818176
942 _cEBOOK
999 _c1758019
_d1758019